<?xml version="1.0" encoding="UTF-8"?>
<record
    xmlns:xsi="http://www.w3.org/2001/XMLSchema-instance"
    xsi:schemaLocation="http://www.loc.gov/MARC21/slim http://www.loc.gov/standards/marcxml/schema/MARC21slim.xsd"
    xmlns="http://www.loc.gov/MARC21/slim">

  <leader>01187nam a2200265 i 4500</leader>
  <controlfield tag="001">10822</controlfield>
  <controlfield tag="003">ES-MaACL</controlfield>
  <controlfield tag="005">20260113165950.0</controlfield>
  <controlfield tag="007">t|</controlfield>
  <controlfield tag="008">951107s1990    sp           ||||1| spa d</controlfield>
  <datafield tag="020" ind1=" " ind2=" ">
    <subfield code="a">84-7039-585-8</subfield>
  </datafield>
  <datafield tag="080" ind1=" " ind2=" ">
    <subfield code="a">929 Villarreal de B&#xE9;rriz, Pedro Bernardo</subfield>
  </datafield>
  <datafield tag="080" ind1=" " ind2=" ">
    <subfield code="a">62/69(460.15)"17"</subfield>
  </datafield>
  <datafield tag="100" ind1="1" ind2=" ">
    <subfield code="a">Ruiz de Az&#xFA;a, Est&#xED;baliz.</subfield>
    <subfield code="9">100729</subfield>
  </datafield>
  <datafield tag="245" ind1="1" ind2="0">
    <subfield code="a">Pedro Bernardo Villarreal de B&#xE9;rriz (1669-1740) </subfield>
    <subfield code="b">: semblanza de un vasco precursor / </subfield>
    <subfield code="c">Est&#xED;baliz Ruiz de Az&#xFA;a y Mart&#xED;nez de Ezquerecocha ; con un estudio sobre las ideas t&#xE9;cnicas de P.B. Villarreal de B&#xE9;rriz, por Ignacio Gonz&#xE1;lez Tasc&#xF3;n y un pr&#xF3;logo de Jos&#xE9; Mar&#xED;a de Areilza.</subfield>
  </datafield>
  <datafield tag="260" ind1=" " ind2=" ">
    <subfield code="a">Madrid : </subfield>
    <subfield code="b">Fundaci&#xF3;n Juanelo Turriano : </subfield>
    <subfield code="b">Castalia, </subfield>
    <subfield code="c">D.L. 1990.</subfield>
  </datafield>
  <datafield tag="300" ind1=" " ind2=" ">
    <subfield code="a">249 p., 16 p. de l&#xE1;m. : </subfield>
    <subfield code="b">il. ; </subfield>
    <subfield code="c">25 cm.</subfield>
  </datafield>
  <datafield tag="600" ind1="1" ind2="4">
    <subfield code="a">Villarreal de Berriz, Pedro Bernardo, </subfield>
    <subfield code="d">1670-1740</subfield>
    <subfield code="9">115137</subfield>
  </datafield>
  <datafield tag="650" ind1="1" ind2="4">
    <subfield code="a">Tecnolog&#xED;a-</subfield>
    <subfield code="z">Pais Vasco-</subfield>
    <subfield code="y">S.XVII.</subfield>
    <subfield code="9">17412</subfield>
  </datafield>
  <datafield tag="700" ind1="1" ind2=" ">
    <subfield code="a">Gonz&#xE1;lez Tasc&#xF3;n, Ignacio.</subfield>
    <subfield code="9">58983</subfield>
  </datafield>
  <datafield tag="700" ind1="1" ind2=" ">
    <subfield code="a">Areilza, Jos&#xE9; Mar&#xED;a de, </subfield>
    <subfield code="d">1909-1998</subfield>
    <subfield code="9">22575</subfield>
  </datafield>
  <datafield tag="710" ind1="2" ind2=" ">
    <subfield code="a">Fundaci&#xF3;n Juanelo Turriano.</subfield>
    <subfield code="9">4352</subfield>
  </datafield>
  <datafield tag="852" ind1=" " ind2=" ">
    <subfield code="a">ES-MaACL</subfield>
    <subfield code="j">L-18079 </subfield>
    <subfield code="b">R.119141</subfield>
  </datafield>
  <datafield tag="999" ind1=" " ind2=" ">
    <subfield code="c">10822</subfield>
    <subfield code="d">10822</subfield>
  </datafield>
  <datafield tag="952" ind1=" " ind2=" ">
    <subfield code="0">0</subfield>
    <subfield code="1">0</subfield>
    <subfield code="4">0</subfield>
    <subfield code="7">0</subfield>
    <subfield code="a">ATENEOM</subfield>
    <subfield code="b">ATENEOM</subfield>
    <subfield code="c">DEPO2</subfield>
    <subfield code="d">2008-01-17</subfield>
    <subfield code="e">SC</subfield>
    <subfield code="l">0</subfield>
    <subfield code="o">L-18079</subfield>
    <subfield code="p">1011040</subfield>
    <subfield code="r">2023-02-23 00:00:00</subfield>
    <subfield code="w">2023-02-23</subfield>
    <subfield code="y">MONOGRAFIA</subfield>
  </datafield>
</record>
